La filmographie de Robert Downey Jr. - Statistiques

Statistiques générales
  • Ce quiz a été pris 105 fois
  • Le résultat moyen est 17 sur 86
Statistiques - réponses
Années Films / Séries % Correct
2008 Iron Man
95%
2012 Avengers
93%
2010 Iron Man 2
92%
2013 Iron Man 3
88%
2019 Avengers : Endgame
81%
2009 Sherlock Holmes
79%
2015 Avengers : L'Ere d'Ultron
78%
2018 Avengers : Infinity war
76%
2016 Captain America : Civil War
69%
2017 Spider-man : homecoming
63%
2023 Oppenheimer
44%
2019 Spider-man : Far from home
44%
2007 Zodiac
44%
2011 Sherlock Holmes : Jeu d'ombres
40%
2014 Le juge
35%
2008 L'incroyable Hulk
35%
1992 Chaplin
31%
2020 Le voyage du Docteur Dolittle
30%
2008 Tonnerre sous les tropiques
30%
2010 Date limite
26%
2005 Kiss kiss bang bang
23%
2003 Gothika
20%
2009 Le soliste
16%
2000-2001 Ally McBeal
15%
2006 A scanner darkly
15%
2014 Chef
15%
2006 Fur
15%
1994 Only you
15%
2000 Wonder Boys
14%
1990 Air America
13%
2008 Charlie Bartlett
13%
1987 Neige sur Beverly Hills
13%
2003 The singing detective
12%
2005 Good night and good luck
10%
1989 Le ciel s'est trompé
10%
2006 Lucky you
10%
2006 Raymond
10%
1998 US Marshals
10%
1999 Black and white
9%
2004 Eros
9%
2006 Il était une fois dans le Queens
9%
1987 Le dragueur
9%
1970 Pound
9%
1988 Toutes folles de lui
9%
1994 Tueurs nés
9%
1997 Two girls and a guy
9%
1995 Week-end en famille
9%
1988 1969
8%
1986 A fond la fac
8%
1996 Danger zone
8%
2006 Game 6
8%
1991 La télé lave plus propre
8%
1995 Le don du roi
8%
1985 Quartier chaud
8%
1995 Richard III
8%
1993 Short cuts
8%
1998 The gingerbread man
8%
2016 The nice guys
8%
1985 Une créature de rêve
8%
1989 Coupable Ressemblance
7%
1984 Firstborn
7%
2002 Lethargy
7%
1997 Pour une nuit
7%
1988 Rented lips
7%
1993 The Last Party
7%
1986 America
6%
2000 Auto Motives
6%
1983 Baby it's you
6%
1997 Chaude journée à Los Angeles
6%
1999 Friends and lovers
6%
1994 Hail Caesar
6%
1991 Too much sun
6%
1980 Up the academy
6%
2003 Whatever we do
6%
2022 All-Star weekend
5%
1985 Deadwait
5%
1972 Le paradis du Mexicain
5%
1989 That's Adequate
5%
2011 Happy new year
3%
2005 Les Griffin
3%
1995 Mr. Willowby's Christmas Tree
3%
1985-1986 Saturday Night Live
3%
1996 Saturday Night Live
3%
1985 Mussolini : The untold story
2%
1999 Bowflinger, roi d'Hollywood
1%
1993 Drôkes de fantômes
1%
Aucun quiz correspondant
Distribution des résultats
% des personnes avec chaque résultat
Percentile par nombre de réponses
Votre historique - résultats
Vous n’avez pas pris ce quiz